00469nam a2200145Ia 4500008004100000245009200041260001700133260000900150300000800159650002300167650001200190856002900202999001900231952007300250170516s9999 xx 000 0 und d aSimultaneous Mapping of Pan and Sentinel Lymph Nodes for Real-Time Image-Guided Surgery bTheranostics c2014 a4:7 xMedical Technology xMedtech uhttp://www.thno.org/v4i7 c330756d330756 001040aCLbCLd2017-05-16l0r2017-05-16 00:00:00w2017-05-16yFOJ